Спекание циркониевой керамики при нагреве интенсивным пучком низкоэнергетических электронов; Известия вузов. Физика; Т. 56, № 1-2
| Parent link: | Известия вузов. Физика: научный журнал.— , 1957- Т. 56, № 1-2.— 2013.— [С. 66-69] |
|---|---|
| Hovedforfatter: | |
| Institution som forfatter: | |
| Andre forfattere: | , |
| Summary: | Заглавие с экрана Проведены сравнительные эксперименты по спеканию циркониевой керамики с помощью встречных интенсивных пучков низкоэнергетических электронов и в режиме термического нагрева. Определена плотность и микротвердость полученных различными способами керамических материалов. Показано, что использование режима двустороннего нагрева компактов интенсивными пучками низкоэнергетических электронов позволяет интенсифицировать процесс спекания керамики и получать образцы с повышенными характеристиками по сравнению с термическим способом обжига. Режим доступа: по договору с организацией-держателем ресурса |
| Sprog: | russisk |
| Udgivet: |
2013
|
| Fag: | |
| Online adgang: | http://elibrary.ru/item.asp?id=21635365 |
| Format: | MixedMaterials Electronisk Book Chapter |
| KOHA link: | https://koha.lib.tpu.ru/cgi-bin/koha/opac-detail.pl?biblionumber=640162 |
MARC
| LEADER | 00000naa0a2200000 4500 | ||
|---|---|---|---|
| 001 | 640162 | ||
| 005 | 20250303111756.0 | ||
| 035 | |a (RuTPU)RU\TPU\network\4692 | ||
| 090 | |a 640162 | ||
| 100 | |a 20150410d2013 k||y0rusy50 ca | ||
| 101 | 0 | |a rus | |
| 102 | |a RU | ||
| 135 | |a drcn ---uucaa | ||
| 181 | 0 | |a i | |
| 182 | 0 | |a b | |
| 200 | 1 | |a Спекание циркониевой керамики при нагреве интенсивным пучком низкоэнергетических электронов |f С. А. Гынгазов, Т. С. Франгульян, А. В. Чернявский | |
| 203 | |a Текст |c электронный | ||
| 300 | |a Заглавие с экрана | ||
| 320 | |a [Библиогр.: с. 69 (5 назв.)] | ||
| 330 | |a Проведены сравнительные эксперименты по спеканию циркониевой керамики с помощью встречных интенсивных пучков низкоэнергетических электронов и в режиме термического нагрева. Определена плотность и микротвердость полученных различными способами керамических материалов. Показано, что использование режима двустороннего нагрева компактов интенсивными пучками низкоэнергетических электронов позволяет интенсифицировать процесс спекания керамики и получать образцы с повышенными характеристиками по сравнению с термическим способом обжига. | ||
| 333 | |a Режим доступа: по договору с организацией-держателем ресурса | ||
| 461 | |t Известия вузов. Физика |o научный журнал |d 1957- | ||
| 463 | |t Т. 56, № 1-2 |v [С. 66-69] |d 2013 | ||
| 610 | 1 | |a электронный ресурс | |
| 610 | 1 | |a труды учёных ТПУ | |
| 610 | 1 | |a циркониевая керамика | |
| 610 | 1 | |a низкоэнергетические электроны | |
| 610 | 1 | |a спекание | |
| 700 | 1 | |a Гынгазов |b С. А. |c специалист в области электроники |c профессор Томского политехнического университета, доктор технических наук |f 1958- |g Сергей Анатольевич |3 (RuTPU)RU\TPU\pers\26531 |9 12225 | |
| 701 | 1 | |a Франгульян |b Т. С. |c специалист в области электроники, диэлектриков и полупроводников |c ведущий научный сотрудник Томского политехнического университета, кандидат физико-математических наук |f 1940- |g Тамара Семёновна |3 (RuTPU)RU\TPU\pers\26534 |9 12228 | |
| 701 | 1 | |a Чернявский |b А. В. |c специалист в области электроники |c старший научный сотрудник Томского политехнического университета, кандидат физико-математических наук |f 1966- |g Александр Викторович |3 (RuTPU)RU\TPU\pers\26556 |9 12245 | |
| 712 | 0 | 2 | |a Национальный исследовательский Томский политехнический университет (ТПУ) |b Институт неразрушающего контроля (ИНК) |b Проблемная научно-исследовательская лаборатория электроники, диэлектриков и полупроводников (ПНИЛ ЭДиП) |3 (RuTPU)RU\TPU\col\19033 |
| 801 | 2 | |a RU |b 63413507 |c 20160220 |g RCR | |
| 856 | 4 | |u http://elibrary.ru/item.asp?id=21635365 | |
| 942 | |c CF | ||